00860nab a22001937a 4500003000400000005001700004008004100021040000700062100002500069245016800094260007300262300001300335500002800348505008200376650001800458650002300476650001800499773014900517OSt20251219122301.0190429b xxu||||| |||| 00| 0 spa d cPJ aGialdino, Rolando E.10aDerecho de reunión/protesta e invalidez del Protocolo para el mantenimiento del orden público ante el corte de vías de circulación / cRolando E. Gialdino. cCiudad Autónoma de Buenos Aires :aThomson Reuters La Ley, b2025. ap. 60-76 aCita: AR/DOC/1346/2025. tSi te interesa el texto completo, solicitalo a koha@justierradelfuego.gov.ar  0aDERECHO PENAL 0aDERECHO DE REUNION 0aORDEN PUBLICO0 02658tRevista de derecho penal y criminología. Nº 6 - Julio 2025dCiudad Autónoma de Buenos Aires : Thomson Reuters La Ley, 2017-x00347914